ਡਰਾਮੇਬਾਜ਼ੀਆਂ : (Record no. 110329)

MARC details
000 -LEADER
fixed length control field 01027nam a22002537a 4500
005 - DATE AND TIME OF LATEST TRANSACTION
control field 20170123164151.0
010 ## - LIBRARY OF CONGRESS CONTROL NUMBER
LC control number B-230616
020 ## - INTERNATIONAL STANDARD BOOK NUMBER
International Standard Book Number 150.00
Terms of availability 8173291853
035 ## - SYSTEM CONTROL NUMBER
System control number B-230616
037 ## - SOURCE OF ACQUISITION
Source of stock number/acquisition Cen Lib / Ret
040 ## - CATALOGING SOURCE
Original cataloging agency DPL
Language of cataloging PN
082 ## - DEWEY DECIMAL CLASSIFICATION NUMBER
Classification number 854
Item number ਸਿੱਧੂ
100 ## - MAIN ENTRY--PERSONAL NAME
Personal name ਸਿੱਧੂ, ਚਰਨਦਾਸ
9 (RLIN) 138040
245 ## - TITLE STATEMENT
Title ਡਰਾਮੇਬਾਜ਼ੀਆਂ :
Statement of responsibility, etc ਚਰਨਦਾਸ ਸਿੱਧੂ
Remainder of title ਨਾਟਕੀ ਨਿਬੰਧ /
246 ## - VARYING FORM OF TITLE
Title proper/short title Dramebazian : nataki nibandh /
Remainder of title by Charan Dass Sidhu
260 ## - PUBLICATION, DISTRIBUTION, ETC. (IMPRINT)
Place of publication, distribution, etc ਦਿੱਲੀ
Name of publisher, distributor, etc ਸਿਲਾਲੇਖ
Date of publication, distribution, etc 2006
270 ## - ADDRESS
Address 4/32 ਸੁਭਾਸ਼ ਗਾਲੀ ਵਿਸ਼ਵਾਸ ਨਗਰ ਸ਼ਹਾਦਰ
City ਦਿੱਲੀ
Postal code 110032
300 ## - PHYSICAL DESCRIPTION
Extent 128p.
Dimensions 23cm(Hb)
650 ## - SUBJECT ADDED ENTRY--TOPICAL TERM
Topical term or geographic name as entry element ਸਾਹਿਤ -- ਪੰਜਾਬੀ
9 (RLIN) 138041
650 ## - SUBJECT ADDED ENTRY--TOPICAL TERM
Topical term or geographic name as entry element ਪੰਜਾਬੀ- ਨਿਬੰਧ
9 (RLIN) 138042
650 ## - SUBJECT ADDED ENTRY--TOPICAL TERM
Topical term or geographic name as entry element Literature -- Punjabi
9 (RLIN) 138043
650 ## - SUBJECT ADDED ENTRY--TOPICAL TERM
Topical term or geographic name as entry element Punjabi - Essays
9 (RLIN) 118968
942 ## - ADDED ENTRY ELEMENTS (KOHA)
Source of classification or shelving scheme Dewey Decimal Classification
Koha item type Punjabi Bks
Classification part 854
Call number suffix ਸਿੱਧੂਚ
Holdings
Withdrawn status Lost status Damaged status Not for loan Home library Current library Date acquired Source of acquisition Cost, normal purchase price Total Checkouts Full call number Barcode Date last seen Copy number Cost, replacement price Price effective from Koha item type
        Central Library Central Library 19/01/2016 Cen Lib/Ret 150.00   854 ਸਿਧੂਚ B-230616 19/01/2016 1 150.00 15/09/2016 Punjabi Bks

© Delhi Public Library
Hit Counter
free hit counter